000 00736nam a22001937a 4500
005 20251030160321.0
008 251028b |||||||| |||| 00| 0 eng d
020 _a9781264988518
082 _aDC 363.7 En329 2025
100 _aEnger, Eldon D.
_9699
245 _aEnvironmental science :
_ba study of interrelationships /
_cEldon D. Enger, Bradley F. Smith, and Maarten J. Vonhof.
260 _aNew York :
_bMcGraw Hill,
_c©2025.
300 _axxi, 552 pages :
_billustrations (some colors) ;
_c26 cm.
500 _aIncludes appendices, glossary, and index.
650 0 _aEnvironmental science
_xTextbook.
_969077
700 _aSmith, Bradley F.
_94670
_eauthor.
700 _aVonhof, Maarten J.
_968998
_eauthor.
942 _2ddc
_cDC
999 _c24106
_d24106